Central Library OPAC University of Rajshahi

قوت القلوب في معاملة المحبوب وصف طريق المريد إلى مقام التوحيد ;; quat alqulub fi mueamalat almahbub wasf tariq almurid 'iilaa maqam altawhid / (Record no. 78788)

MARC details
000 -LEADER
fixed length control field 01068aaa a2200217 a 4500
001 - CONTROL NUMBER
control field 78788
003 - CONTROL NUMBER IDENTIFIER
rucl marc code BD-RjUL
005 - DATE AND TIME OF LATEST TRANSACTION
control field 20220223154410.0
008 - FIXED-LENGTH DATA ELEMENTS--GENERAL INFORMATION
fixed length control field 211115s1961 ua ||||| |||| 00| 0 ara d
035 ## - SYSTEM CONTROL NUMBER
System control number (BD-RjUL)
040 ## - CATALOGING SOURCE
Original cataloging agency BD-RjUL
Language of cataloging eng
Transcribing agency BD-RjUL
041 ## - LANGUAGE CODE
Language code of text/sound track or separate title ara
082 ## - DEWEY DECIMAL CLASSIFICATION NUMBER
Edition number 23
Classification number 297.4
Author mark and year MAQ 1961
100 1# - MAIN ENTRY--PERSONAL NAME
Personal name المكي، أبو طالب محمد بن علي بن عطية الحارثي ;; Al-Makki, Abu Talib Muhammad bin Ali bin Attia Al-Harthy
9 (RLIN) 250011
245 ## - TITLE STATEMENT
Title قوت القلوب في معاملة المحبوب وصف طريق المريد إلى مقام التوحيد ;; quat alqulub fi mueamalat almahbub wasf tariq almurid 'iilaa maqam altawhid /
Statement of responsibility, etc. أبو طالب محمد بن علي بن عطية الحارثي المكي ;; Abu Talib Muhammad bin Ali bin Attia al-Harithi al-Makki,
260 ## - PUBLICATION, DISTRIBUTION, ETC. (IMPRINT)
Place of publication, distribution, etc. القاهرة :
Name of publisher, distributor, etc. مصطفى البابي الحلبي، ;; Mustafa Al-Babi Al-Halabi
Date of publication, distribution, etc. 1961 1381
300 ## - PHYSICAL DESCRIPTION
Pagination 544 p. ;
Size 24 cm
650 ## - SUBJECT ADDED ENTRY--TOPICAL TERM
Topical term or geographic name as entry element Sufism
Form subdivision Early works to 1800.
9 (RLIN) 250012
Topical term or geographic name as entry element Sufism
9 (RLIN) 250013
942 ## - ADDED ENTRY ELEMENTS (KOHA)
Source of classification or shelving scheme Dewey Decimal Classification
Koha item type Books
Holdings
Lost status Source of classification or shelving scheme Damaged status Not for loan Collection code Permanent Location Current Location Shelving location Date acquired Source of acquisition Cost, normal purchase price Full call number Date last seen Copy number Koha item type
  Dewey Decimal Classification   Not For Loan Non-fiction Central Library, University of Rajshahi Central Library, University of Rajshahi Reading Room 15/11/2021 Maktubat I Ishaqia, 25.00 A 297.4 MAQ V-1 1961 15/11/2021 C-1 Books
  Dewey Decimal Classification   Not For Loan Non-fiction Central Library, University of Rajshahi Central Library, University of Rajshahi Reading Room 02/05/1967 Maktubat I Ishaqia, 25.00 A 297.4 MAQ V-2 1961 23/02/2022 C-1 Books